Recollections of the civil war ; with the leaders at Washington and in the field in the sixties /

Bibliographic Details
Main Author: Dana, Charles A. (Charles Anderson), 1819-1897
Format: Book
Language:English
Published: New York : D. Appleton and company, 1898.
Subjects:

MARC

Tag First Indicator Second Indicator Subfields
LEADER 00000cam a2200000 4500
001 in00000709421
005 20151016064459.0
008 750903s1898 nyuc 00010deng
010 |a  98001491  
035 |a (OCoLC)01594045 
035 |9 ADD9120AM 
040 |a DLC  |c DZM  |d TXA  |d UtOrBLW 
049 |a TXAM  |c 1 [351009], 2 [272985] 
050 0 0 |a E470  |b  D16 
092 |a 973.781  |b  D167r 
100 1 |a Dana, Charles A.  |q (Charles Anderson),  |d 1819-1897. 
245 1 0 |a Recollections of the civil war ;  |b with the leaders at Washington and in the field in the sixties /  |c by Charles A. Dana ... 
264 1 |a New York :  |b D. Appleton and company,  |c 1898. 
300 |a xiii, 296 pages :  |b frontispiece (portrait) ;  |c 22 cm. 
336 |a text  |b txt  |2 rdacontent 
337 |a unmediated  |b n  |2 rdamedia 
338 |a volume  |b nc  |2 rdacarrier 
651 0 |a United States  |x History  |y Civil War, 1861-1865  |v Personal narratives. 
651 0 |a United States  |x History  |y Civil War, 1861-1865  |x Campaigns. 
999 |a MARS 
999 f f |s 7c9eb27f-a099-306f-bd8e-02e5299ae0c1  |i d49c4680-6377-3f81-91f7-69ba1617715d  |t 0 
952 f f |p ric  |a Texas A&M University  |b Rellis Campus  |c Joint Library Facility  |d Remote Storage  |t 0  |e E470 D16  |h Library of Congress classification  |i unmediated -- volume  |m A14807969537 
998 f f |a E470 D16  |t 0  |l Remote Storage